Middleswarth Chips Quiz Stats

 Plays Quiz not verified by Sporcle

Challenge
Share
Tweet
Embed
Score 0/10 Timer 04:00
0 Plays Today
% Correct
Bar-B-Q
100%
Regular
80%
Sour Cream and Onion
80%
Salt and Vinegar
80%
Jalapeno
60%
Kettle Cooked
40%
Party Style
40%
Unsalted
40%
Kettle Cooked Bar-B-Q
0%
Party Style Bar-B-Q
0%

You're not logged in!

Compare scores with friends on all Sporcle quizzes.
Join for Free
OR
Log In

You Might Also Like...

Show Comments

Extras

Created Nov 14, 2009SourceReportNominate
Tags:chip

Top Quizzes Today


Score Distribution

Your Account Isn't Verified!

In order to create a playlist on Sporcle, you need to verify the email address you used during registration. Go to your Sporcle Settings to finish the process.

Report this User

Report this user for behavior that violates our Community Guidelines.

Details: